| 000 | 01267cad a22002175a 4500 | ||
|---|---|---|---|
| 001 | L143605 | ||
| 008 | 080521s2007 xxka f 000 0 eng d | ||
| 035 | _a(Sirsi) u143605 | ||
| 041 | 0 | _aeng | |
| 050 | 0 | 4 | _a332.6324 |
| 100 | 1 | _aEichholtz, Piet M. A. | |
| 245 | 0 | 4 |
_aThe EU REIT and the internal market for real estate _h[electronic resource] |
| 250 | _c2007 | ||
| 260 |
_a[S.I.] _bTEGoVA _c2007 |
||
| 520 | _aA research report for the European Landowners Organization (ELO), the European Property Federation (EPF), the Royal Institution of Chartered Surveyors (RICS), The European Group of Valuers' Associations (TEGoVA) and the Urban Land Institute Europe (ULI Europe). Asks the EC for an EU framework for real estate investment trusts (EU REIT). Argues that this would overcome obstacles to cross-border property investment and enhance market security and stability. Highlights the main drivers for an EU framework. Outlines a preferred structure for an EU REIT, without tax harmonisation. | ||
| 651 | 4 | _aEurope | |
| 690 | _aPROPERTY-PROPERTY FINANCE AND INVESTMENT-REAL ESTATE INVESTMENT TRUSTS | ||
| 700 | 1 | _aKok, Nils | |
| 856 | 4 | 0 |
_uhttps://www.tegova.org/en/p4291ed80f067d/ _zView this report free of charge at http://www.tegova.org... |
| 942 | _n0 | ||
| 999 |
_c108226 _d108226 |
||